000 00324nam a2200133 i 4500
001 bg
100 1 _aNOWICKI, Józef
245 0 _aEkonomia polityczna kapitalizmu w zarysie /
_cJózef Nowicki.
260 _aWarszawa,
_c1980.
040 _cBPK
041 _apol
942 _cKS
008 s pl f |000 0 pol
999 _c19344
_d19344
856 _uhttp://koha.tu.koszalin.pl/cgi-bin/koha/opac-detail.pl?biblionumber=19344
_yKatalog online BPK